| 000 | 00518nam a2200205Ia 4500 | ||
|---|---|---|---|
| 003 | 0100 | ||
| 008 | 130303s9999 xx 000 0 und d | ||
| 040 | _cARRUPELIB | ||
| 050 | _aJC153.H633 1949 | ||
| 100 | _aHobbes, Thomas | ||
| 245 | _aDe Cive or The Citizen | ||
| 260 | _aNY | ||
| 260 | _bAppleton-Century-Crofts Inc | ||
| 260 | _C1949 | ||
| 300 | _a211p | ||
| 650 | _bPlato Parmenides | ||
| 650 | _cParmenides Way of truth | ||
| 700 | _aEdited with an Introduction by Sterling P. Lamprecht | ||
| 942 | 0 | 0 | _04 |
| 999 |
_c56784 _d56784 |
||